Open Data Biblioteca Nacional de Portugal


República Portuguesa: Ministério da Cultura
Biblioteca Nacional de Portugal

Catálogo da BNP: acesso por Identificadores Unívocos
Registos Bibliográficos associados ao registo de autoridade

Etiqueta de registo: 00000nkm 2200025 450
001 2262344
003 http://id.bnportugal.gov.pt/bib/catbnp/2262344
100 ## $a20260206d1987 m y0pory01030103ba
101 0# $apor
102 ## $aPT
200 1# $aAPF 1967-1987, 20 anos pelo planeamanento familiar e pela educação sexual, Semana Comemorativa 6 a 10 julho 1987, 3.º seminário sobre educação sexual em cooperação com o Sindicato de Professores da Grande Lisboa 9 a 10 julho 1987$bVisual gráfico]$fAssociação para o Planeamanento da Família
210 #9 $a[S.l.]$cAssociação para o Planeamanento da Família,$d1987
215 ## $a1 cartaz$ccolor.$d59x39,9 cm
317 ## $aColeção Madeira Luís
675 ## $a766(=1:469)"198"(084.5)$vBN$zpor$31302430
710 02 $a20 anos pelo Planeamento Familiar e Pela Educação Sexual,$eLisboa,$f1987$31994292
711 02 $aSeminário sobre Educação Sexual,$d3,$eLisboa,$f1987$31994293
712 02 $aAssociação para o Planeamento da Família$4557$3918
801 #0 $aPT$bBN$gRPC
966 ## $lBN$mICONOG$sCT. 19929 A.$x3
971 ## $cCatmusica8$d20260206
995 ## $aPRR2026 $d20260206$iCatmusica8

OpendataBNP@bnportugal.pt | Mais informação sobre acesso aos dados BNP